| 000 | 00766nam a22002177a 4500 | ||
|---|---|---|---|
| 005 | 20180830122826.0 | ||
| 010 | _aENG-123795-96 | ||
| 020 |
_c3500.00 (per set) _a9788193359792 (vol.1 & 2) |
||
| 020 | _a9788193359778 (vol.1) | ||
| 020 | _a9788193359785(vol.I1) | ||
| 035 | _aEN-107327-28 | ||
| 037 | _bDBAD/PUB | ||
| 082 | _a025.42 | ||
| 100 | _aRao, V.A. Seshagiri | ||
| 245 |
_aStep by step classification: _cby V.A. Seshagiri Rao _b(a formula based classification) / |
||
| 260 |
_aNew Delhi _bEss Ess Publications _c2017 |
||
| 270 |
_a4831/24, Ansari Road, Darya Ganj, _bNew Delhi _e110002 |
||
| 300 |
_a2vol.(xvii,470p.; 473p.) _c22cm(Hb) |
||
| 505 | _aVol.1 - Chapter A-C Vol.2 - Chapter D-E | ||
| 942 |
_2ddc _cEN _mRAO _h025.42 |
||
| 999 |
_c156660 _d156660 |
||